000 00872 a2200217 4500
001 53117
005 20260407155805.0
008 260407a1986 arg spa d
003 AR-UNSa-BCEJYS
040 _aAR-UNSa-BCEJYS
_bspa
_cAR-UNSa-BCEJYS
080 _a339.9
_xEconomía internacional en general. Relaciones económicas internacionales. Economía mundial
245 1 0 _aNaciones ricas, naciones pobres
_pensayos sobre la persuasión política y económica
020 _a950-37-0188-0
264 1 _aBarcelona :
_bAriel
_c1986
300 _a87 p.
_c19 cm.
505 _a1. Acerca de la riqueza y la sabiduría - 2. Las exigencias del proceso histórico - 3. El segundo réquiem imperial - 4. El nexo militar - 5. El proceso histórico y los ricos
041 _aspa
942 _cBK
590 _aniveau_biblio:m niveau_hierar:0
100 1 _aGalbraith, John Kenneth
999 _c5100
_d5100